Managing Director's Consolidated Multilateral Surveillance Report to the International Monetary and Financial Committee.

After suffering a major setback, global prospects are gradually strengthening again. Improved activity in the United States and better policies in the euro area in response to the deepening economic crisis there have reduced the immediate threat of a sharp global slowdown. Weak recovery is likely to...

Πλήρης περιγραφή

Λεπτομέρειες βιβλιογραφικής εγγραφής
Συγγραφή απο Οργανισμό/Αρχή: International Monetary Fund
Μορφή: Επιστημονικό περιοδικό
Γλώσσα:English
Έκδοση: Washington, D.C. : International Monetary Fund, 2012.
Σειρά:Policy Papers; Policy Paper ; No. 2012/031
Διαθέσιμο Online:Full text available on IMF
LEADER 01510cas a2200241 a 4500
001 AALejournalIMF019803
008 230101c9999 xx r poo 0 0eng d
020 |c 5.00 USD 
020 |z 9781498340601 
022 |a 2663-3493 
040 |a BD-DhAAL  |c BD-DhAAL 
110 2 |a International Monetary Fund. 
245 1 0 |a Managing Director's Consolidated Multilateral Surveillance Report to the International Monetary and Financial Committee. 
264 1 |a Washington, D.C. :  |b International Monetary Fund,  |c 2012. 
300 |a 1 online resource (13 pages) 
490 1 |a Policy Papers 
500 |a <strong>Off-Campus Access:</strong> No User ID or Password Required 
500 |a <strong>On-Campus Access:</strong> No User ID or Password Required 
506 |a Electronic access restricted to authorized BRAC University faculty, staff and students 
520 3 |a After suffering a major setback, global prospects are gradually strengthening again. Improved activity in the United States and better policies in the euro area in response to the deepening economic crisis there have reduced the immediate threat of a sharp global slowdown. Weak recovery is likely to resume in the major advanced economies, and activity should remain relatively solid in emerging market and developing economies. 
538 |a Mode of access: Internet 
830 0 |a Policy Papers; Policy Paper ;  |v No. 2012/031 
856 4 0 |z Full text available on IMF  |u http://elibrary.imf.org/view/journals/007/2012/031/007.2012.issue-031-en.xml  |z IMF e-Library